Mediterranean Countries - Sudden Death - Statistics

General Stats
  • This quiz has been taken 138 times
  • The average score is 17 of 21
Answers on the Grid
Answers color-coded by a green-red scale on the quiz's grid according to % correct below.
Albania
Algeria
Andorra
Australia
Belgium
Bosnia & Herzegovina
Chile
Croatia
Cuba
Cyprus
Czech Republic
Egypt
France
Georgia
Greece
Iraq
Ireland
Israel
Italy
Kyrgyzstan
Lebanon
Libya
Liechtenstein
Malta
Monaco
Montenegro
Morocco
North Macedonia
Panama
Poland
Portugal
Romania
Russia
San Marino
Serbia
Slovenia
Spain
Switzerland
Syria
Tunisia
Turkey
Vatican City
 
Answer Stats
Answer % Correct
Greece
100%
Italy
100%
Algeria
92%
Cyprus
92%
France
92%
Malta
92%
Albania
83%
Egypt
83%
Israel
83%
Libya
83%
Monaco
83%
Montenegro
83%
Morocco
83%
Croatia
75%
Spain
75%
Tunisia
75%
Turkey
75%
Bosnia & Herzegovina
67%
Lebanon
67%
Slovenia
42%
Syria
42%
No matching quizzes found
Score Distribution
Percent of People with Each Score
Percentile by Number Answered
Your Score History
You have not taken this quiz